000 00449nam a2200133Ia 4500
008 211215s9999 xx 000 0 eng d
041 _aEnglish
082 _aRS.0834
100 _aSarmah, Priyankoo
_uIndian Institute of Technology
_vGuwahati, Assam
245 2 _aA broad sociolinguistic study of vowel variation is Assamese /
_cPriyankoo Sarmah
260 _aNew Delhi :
_bIndian Council oF Social Science Research,
300 _a144p.
942 _cRP
999 _c27171
_d27171